000 00987nab a2200313 i 4500
003 DO-SdBNP
005 20250507090356.0
007 ta
008 250507e2012 DR mr|p|r||||||0| z spa d
022 _a2078-4929
040 _aDO-SdBNP
_cDO-SdBNP
_erda
041 _hspa
082 _axxx
_bR426r
_222
100 _934366
110 _aRepública Dominica.
_bMinisterio de Medio Ambiente y Recursos Naturales
_987678
245 _aLa República Dominicana de cara a rio+20 :
_binforme nacional
264 _aSanto Domingo :
_bMinisterio de Medio Ambiente y Recursos Naturales,
_c2012
300 _a56 páginas ;
_c26 cm.
336 _atexto
_btxt
_2rdacontent
337 _asin mediación
_bn
_2rdamedia
338 _avolumen
_bnc
_2rdacarrier
590 _aInventariado,2025/DG
650 _986948
700 _986949
700 _969597
773 0 _036884
_9320392
_aArquitexto
_o2025-0728
_tArquitexto. :
_w(DO-SdBNP)000037394
_x2078-4929
910 _aDG
942 _2ddc
_cLBS1
999 _c58947
_d58947